Теоретическая фонетика английского языка (Запис № 314462)
[ простий вигляд ]
| 000 -Лідер | |
|---|---|
| fixed length control field | 00766nam a22002777a 4500 |
| 003 - Ідентифікатор контрольного номера | |
| control field | UA-OsUOA |
| 001 - Контрольний номер | |
| control field | 28104 |
| 007 - Фіксоване поле фізичного опису | |
| fixed length control field | ta |
| 008 - Елементи даних фіксованої довжини – загальна інформація | |
| fixed length control field | 20040924b un ||||| |||| 00| 0 ukr d |
| 090 ## - Локальний шифр розміщення | |
| Класифікаційний індекс УДК | 8'342-111 |
| Авторський знак (НП) | Т33 |
| 040 ## - Джерело каталогізації | |
| Агенція оригінальної каталогізації | UA-OsUOA |
| Мова каталогізації | rus |
| Агенція, яка здійснювала перезапис | UA-OsUOA |
| Агенція, яка здійснювала модифікацію | UA-OsUOA |
| 041 ## - Код мови | |
| Код мови тексту/ звукової доріжки чи окремого заголовка (П) | rus |
| 080 ## - Індекс Універсальної десяткової класифікації | |
| Індекс Універсальної десяткової класифікації (УДК) (НП) | 8'342-111 |
| 020 ## - Міжнародний стандартний книжковий номер (ISBN) | |
| Міжнародний стандартний книжковий номер (ISBN) (НП) | 5-94297-020-3 |
| 044 ## - Код країни видавця/ виробника | |
| Код країни видавця/ виробника (П) | RU |
| 100 ## - Основне введення – ім’я особи | |
| Ім’я особи (НП) | Соколова М. А. |
| 245 ## - Відомості про назву | |
| Назва (НП) | Теоретическая фонетика английского языка |
| Решта назви (НП) | практикум |
| 260 ## - Публікація, розповсюдження і т.п. (Вихідні дані) | |
| Місце публікації, розповсюдження і т.п. (П) | Москва |
| Ім’я/ наймення видавництва, розповсюджувача і т.п. (П) | ООО "Профобразование" |
| Дата публікації, розповсюдження і т.п. (П) | 2001 |
| 300 ## - Фізичний опис | |
| Обсяг | 192 с. |
| 650 #7 - Додаткове предметне введення – тематичний термін | |
| Джерело заголовка чи терміна | UDC |
| 700 ## - Додаткове введення – ім'я особи | |
| Ім’я особи (НП) | Афонская И. А. |
| 700 ## - Додаткове введення – ім'я особи | |
| Ім’я особи (НП) | Ковалева Л. Б. |
| 942 ## - Додаткові елементи входу (Коха) | |
| Тип елемента Koha | Книги |
| 955 ## - Код типу видання за змістом | |
| Код типу видання за змістом (НП) | інше |
| Стан вилучень | Стан втрат | Джерело класифікації або схеми стелажів | Стан уражень | Не для кредиту | Постійне місце розташування | Поточне розміщення | Дата придбання | Інвентарний номер | Усього замовленно | Повний номер виклику | Штрих-код | Дата останнього перегляду | Дата останньої перевірки | Ціна ефективна від | Тип елемента Koha | Вартість, звичайна ціна покупки |
|---|---|---|---|---|---|---|---|---|---|---|---|---|---|---|---|---|
| Universal Decimal Classification | АБ - Абонемент НБ | АБ - Абонемент НБ | 02/08/2007 | 58676 | 1 | 8'342-111 Т33 | 58676 | 11/01/2022 | 16/09/2019 | 24/09/2004 | Книги | |||||
| Universal Decimal Classification | АБ - Абонемент НБ | АБ - Абонемент НБ | 02/08/2007 | 58677 | 8'342-111 Т33 | 58677 | 10/01/2022 | 24/09/2004 | Книги | |||||||
| Universal Decimal Classification | АБ - Абонемент НБ | АБ - Абонемент НБ | 02/08/2007 | 58678 | 8'342-111 Т33 | 58678 | 10/01/2022 | 24/09/2004 | Книги | |||||||
| Universal Decimal Classification | АБ - Абонемент НБ | АБ - Абонемент НБ | 02/08/2007 | 58679 | 8'342-111 Т33 | 58679 | 10/01/2022 | 24/09/2004 | Книги | |||||||
| Universal Decimal Classification | АБ - Абонемент НБ | АБ - Абонемент НБ | 02/08/2007 | 58680 | 1 | 8'342-111 Т33 | 58680 | 11/01/2022 | 29/10/2019 | 24/09/2004 | Книги | |||||
| Universal Decimal Classification | АБ - Абонемент НБ | АБ - Абонемент НБ | 02/08/2007 | 58681 | 8'342-111 Т33 | 58681 | 10/01/2022 | 24/09/2004 | Книги | |||||||
| Universal Decimal Classification | АБ - Абонемент НБ | АБ - Абонемент НБ | 02/08/2007 | 58682 | 8'342-111 Т33 | 58682 | 10/01/2022 | 24/09/2004 | Книги | |||||||
| Universal Decimal Classification | АБ - Абонемент НБ | АБ - Абонемент НБ | 02/08/2007 | 58683 | 8'342-111 Т33 | 58683 | 10/01/2022 | 24/09/2004 | Книги | |||||||
| Universal Decimal Classification | АБ - Абонемент НБ | АБ - Абонемент НБ | 02/08/2007 | 58684 | 8'342-111 Т33 | 58684 | 10/01/2022 | 24/09/2004 | Книги | |||||||
| Universal Decimal Classification | АБ - Абонемент НБ | АБ - Абонемент НБ | 02/08/2007 | 58685 | 8'342-111 Т33 | 58685 | 10/01/2022 | 24/09/2004 | Книги | |||||||
| Universal Decimal Classification | ЧЗ - Читальна зала | ЧЗ - Читальна зала | 24/09/2004 | 71022 | 8'342-111 Т33 | 71022 | 07/02/2022 | 24/09/2004 | Книги | 12.32 | ||||||
| Universal Decimal Classification | ЧЗ - Читальна зала | ЧЗ - Читальна зала | 24/09/2004 | 71023 | 8'342-111 Т33 | 71023 | 07/02/2022 | 24/09/2004 | Книги | 12.32 | ||||||
| Universal Decimal Classification | ЧЗ - Читальна зала | ЧЗ - Читальна зала | 24/09/2004 | 71024 | 8'342-111 Т33 | 71024 | 07/02/2022 | 24/09/2004 | Книги | 12.32 | ||||||
| Universal Decimal Classification | ЧЗ - Читальна зала | ЧЗ - Читальна зала | 24/09/2004 | 71025 | 8'342-111 Т33 | 71025 | 07/02/2022 | 24/09/2004 | Книги | 12.32 | ||||||
| Universal Decimal Classification | ЧЗ - Читальна зала | ЧЗ - Читальна зала | 24/09/2004 | 71026 | 8'342-111 Т33 | 71026 | 07/02/2022 | 24/09/2004 | Книги | 12.32 |